logical - Olivia Rodrigo (All Lyrics) - Statistics

General Stats
  • This quiz has been taken 63 times
  • The average score is 318 of 363
Answer Stats
Lyrics % Correct
a
100%
And
100%
and
100%
I
100%
me
100%
me,
100%
is
98%
logical
98%
Logical,
98%
logical,
98%
love
98%
Love
98%
you
98%
You
98%
No,
95%
the
95%
The
95%
your
95%
do
93%
I'm
93%
It
93%
it
93%
never
93%
of
93%
Then
93%
equals
90%
five
90%
if
90%
in
90%
life
90%
loving
90%
my
90%
plus
90%
so
90%
That
90%
that
90%
thinkin'
90%
Two
90%
two
90%
was
90%
all
88%
all?
88%
Argument
88%
'Cause
88%
don't
88%
got
88%
head
88%
now
88%
oh
88%
Oh,
88%
to
88%
Can't
85%
can't
85%
every
85%
feel
85%
girl
85%
have
85%
over
85%
possible
85%
pour
85%
rain
85%
said
85%
Said
85%
sun
85%
up
85%
what
85%
why
85%
you're
85%
could
83%
did
83%
get
83%
girls
83%
horrible
83%
instead
83%
joke,
83%
like
83%
makes
83%
off
83%
red
83%
shine
83%
sky
83%
stupid
83%
take
83%
things
83%
too
83%
young,
83%
Brought
80%
changing
80%
friend
80%
God,
80%
green,
80%
held
80%
know
80%
lied,
80%
really
80%
responsible
80%
stop
80%
this?
80%
are
78%
But
78%
could've
78%
didn't
78%
good
78%
grass
78%
mean
78%
mind
78%
stopped
78%
sure
78%
at
76%
couldn't
76%
for
76%
from
76%
half
76%
Hear
76%
look
76%
manipulator
76%
out
76%
tried
76%
words
76%
always
73%
baby
73%
February
73%
I'd
73%
Master
73%
those
73%
through
73%
water
73%
With
73%
convinced
71%
Falls
71%
hell
71%
myself
71%
problems
71%
rumors
71%
savior
71%
see
71%
Come
68%
denied
68%
fell
68%
guess
68%
high
68%
lately
68%
put
68%
soft
68%
solvable
68%
way
68%
built
66%
walls
66%
castle
63%
current's
61%
giant
61%
stronger
61%
unraveled
61%
Our
59%
(Ah,
44%
ah)
44%
down
20%
No matching quizzes found
Score Distribution
Percent of People with Each Score
Percentile by Number Answered
Your Score History
You have not taken this quiz